Obce okresu Frýdek-Místek - Statistics

General Stats
  • This quiz has been taken 35 times
  • The average score is 38 of 72
Answer Stats
Počet obyvatel Odpověď % Correct
53 938 Frýdek-Místek
100%
9 835 Frýdlant nad Ostravicí
92%
33 852 Třinec
92%
5 257 Jablunkov
88%
3 263 Dobrá
85%
4 164 Brušperk
73%
5 260 Bystřice
73%
2 425 Fryčovice
73%
2 185 Hukvaldy
73%
2 556 Ostravice
73%
1 493 Hnojník
69%
3 135 Kozlovice
69%
1 790 Metylovice
69%
1 020 Nošovice
69%
3 883 Paskov
69%
4 507 Vendryně
69%
2 931 Čeladná
65%
3 649 Mosty u Jablunkova
65%
1 081 Pržno
65%
4 032 Baška
62%
279 Bílá
62%
3 535 Palkovice
62%
553 Řeka
62%
2 238 Staříč
62%
698 Krásná
58%
790 Malenovice
58%
1 315 Morávka
58%
544 Staré Hamry
58%
1 375 Bukovec
54%
1 917 Hrádek
54%
900 Pražmo
54%
799 Vojkovice
54%
1 393 Dobratice
50%
911 Dolní Lomná
50%
2 460 Kunčice pod Ondřejníkem
50%
3 880 Návsí
50%
2 060 Nýdek
50%
1 884 Písek
50%
2 062 Raškovice
50%
1 752 Ropice
50%
1 517 Staré Město
50%
2 229 Sviadnov
50%
382 Horní Lomná
46%
708 Horní Tošanovice
46%
249 Hrčava
46%
2 356 Krmelín
46%
428 Dolní Tošanovice
42%
1 515 Komorní Lhotka
42%
896 Vyšní Lhoty
42%
368 Žermanice
42%
1 472 Dolní Domaslavice
38%
1 074 Horní Domaslavice
38%
2 010 Janovice
38%
601 Lhotka
38%
1 723 Sedliště
38%
867 Smilovice
38%
998 Bruzovice
35%
1 618 Lučina
35%
294 Nižní Lhoty
35%
408 Pazderna
35%
1 101 Třanovice
35%
978 Žabeň
35%
1 058 Pstruží
31%
1 915 Řepiště
31%
497 Bocanovice
27%
374 Kaňovice
27%
368 Košařiska
27%
1 325 Milíkov
27%
964 Soběšovice
27%
1 076 Střítež
27%
1 073 Písečná
23%
302 Vělopolí
23%
No matching quizzes found
Score Distribution
Percent of People with Each Score
Percentile by Number Answered
Your Score History
You have not taken this quiz